000 00379cam a2200157ua 4500
041 _aeng
_h
082 _a920
_bLYT/LA
100 _aLytton, Lord .
245 _aLast days of Pompe /
_cLord Lytton.
_hTextual Documents
260 _aLondon :
_bOxford University Press ,
_c1957.
300 _a160 ; .
504 _a
942 _cBK
999 _c779
_d779